WWE RAW superstars - Statistics

General Stats
  • This quiz has been taken 171 times
  • The average score is 11 of 15
Answer Stats
Hint Answer % Correct
The big dog Roman Reigns
94%
The Beast incarnate Brock Lesnar
90%
The Architect Seth Rollins
87%
The new day powerhouse Big E
85%
The worlds largest athlete Big Show
81%
The daughter of Ric Flair Charlotte Flair
80%
The worlds strongest man Mark Henry
80%
The Swiss Superman Cesaro
79%
The master of the list Chris Jericho
78%
WWE Universal Champion Kevin Owens
78%
Kevin Owens' best friend turned bitter enemy Sami Zayn
78%
The icon who beat Brock Lesnar Goldberg
69%
Hug life Bayley
66%
You Look Stupid!!! Sheamus
49%
He couldn't last 10 minutes against Sami Zayn Braun Strowman
48%
No matching quizzes found
Score Distribution
Percent of People with Each Score
Percentile by Number Answered
Your Score History
You have not taken this quiz